[Event "DVM U14 2019"]
[Site "Magdeburg GER"]
[Date "2019.12.27"]
[Round "2"]
[White "Huo, Da"]
[Black "Beck, Felix"]
[Result "1-0"]
[Termination "normal"]
[Board "1.3"]
[WhiteElo "1771"]
[BlackElo "1508"]
[WhiteClock "00:50:47"]
[BlackClock "00:42:13"]
[WhiteTeam "Hamburger SK"]
[BlackTeam "Schachfreunde Nordost Berlin"]
[PlyCount "63"]
[WhiteFideId "16221206"]
[BlackFideId "16255364"]
[EventCountry "GER"]
[EventRounds "7"]
[EventType "team-swiss"]
[EventDate "2019.12.26"]

1. e4 c6 2. d4 d5 3. Nc3 dxe4 4. Nxe4 Bf5 5. Ng3 Bg6 6. h4 h6 7. h5 Bh7 8. Bd3
Bxd3 9. Qxd3 Nf6 10. Nf3 Nbd7 11. Bd2 e6 12. O-O-O Be7 13. Kb1 c5 14. Bc1 O-O
15. Ne4 Nxe4 16. Qxe4 Qc7 17. Qe2 cxd4 18. Nxd4 Nf6 19. g4 Nh7 20. f4 Bf6 21.
Nf3 Qa5 22. Qg2 Rfd8 23. g5 hxg5 24. fxg5 Rxd1 25. Rxd1 Be7 26. g6 fxg6 27.
hxg6 Nf6 28. Rh1 Kf8 29. Ng5 Qd5 30. Qxd5 exd5 31. Rh8+ {'Nh7 Nxh7#'} Ng8 32.
Nh7+ 1-0

[Event "DVM U14 2019"]
[Site "Magdeburg GER"]
[Date "2019.12.27"]
[Round "2"]
[White "Frank, Marek"]
[Black "Rohm, Linus"]
[Result "1-0"]
[Termination "normal"]
[Board "3.3"]
[WhiteElo "1430"]
[BlackElo "1525"]
[WhiteClock "01:05:58"]
[BlackClock "01:08:29"]
[WhiteTeam "ESV Gera"]
[BlackTeam "SchachAkademiePaderborn e. V."]
[PlyCount "78"]
[WhiteFideId "16239520"]
[BlackFideId "16298217"]
[EventCountry "GER"]
[EventRounds "7"]
[EventType "team-swiss"]
[EventDate "2019.12.26"]

1. c4 c5 2. g3 Nf6 3. Bg2 d5 4. cxd5 Nxd5 5. Nf3 Nc6 6. O-O e5 7. d3 Be7 8. b3
O-O 9. Bb2 f6 10. Nc3 Nc7 11. Rc1 Bd7 12. a3 a5 13. Na4 Ne6 14. Nc3 Rb8 15. Nd5
Bd6 16. Nd2 b5 17. Ne4 Be8 18. e3 Ne7 19. Nxd6 Qxd6 20. Nxe7+ Qxe7 21. Re1 Rd8
22. Qc2 Bg6 23. Rcd1 Qd6 24. Bf1 Ng5 25. Qe2 Qd5 26. Bg2 Qxb3 27. d4 exd4 28.
exd4 Rfe8 29. Qd2 Rxe1+ 30. Rxe1 Qa4 31. h4 Nf7 32. dxc5 h6 33. Qe2 Nd6 34. Qe7
Qc2 35. Bc1 Bf5 36. Bf3 Qd3 37. Qe3 Rc8 38. g4 Qxe3 39. Bxe3 Ne4 1-0

[Event "DVM U14 2019"]
[Site "Magdeburg GER"]
[Date "2019.12.27"]
[Round "2"]
[White "Günther, Fabian"]
[Black "Eilenberg, Jonas"]
[Result "0-1"]
[Termination "normal"]
[Board "4.1"]
[WhiteElo "1499"]
[BlackElo "2112"]
[WhiteTeam "USV TU Dresden"]
[BlackTeam "SV Königsjäger Süd-West e.V."]
[PlyCount "68"]
[WhiteFideId "16240294"]
[BlackFideId "16204271"]
[EventCountry "GER"]
[EventRounds "7"]
[EventType "team-swiss"]
[EventDate "2019.12.26"]

1. d4 d5 2. c4 e6 3. cxd5 exd5 4. Nc3 c6 5. Bf4 Bf5 6. e3 Nf6 7. f3 Nbd7 8. Bd3
Bg6 9. Nge2 Nh5 10. Bg3 Be7 11. e4 dxe4 12. Nxe4 Bb4+ 13. N4c3 O-O 14. Bf2 Qg5
15. O-O Bxc3 16. bxc3 Rfe8 17. Re1 Rad8 18. Bxg6 Qxg6 19. Qd2 Ne5 20. Ng3 Nc4
21. Rxe8+ Rxe8 22. Re1 Re6 23. Rxe6 fxe6 24. Qe2 Nxg3 25. Bxg3 b5 26. Kf2 Kf7
27. Bb8 a6 28. Ba7 Qb1 29. Kg3 Qc1 30. Qe4 Nd6 31. Qxc6 Nf5+ 32. Kg4 Kf6 33. f4
h5+ 34. Kxh5 Qxf4 0-1

[Event "DVM U14 2019"]
[Site "Magdeburg GER"]
[Date "2019.12.27"]
[Round "2"]
[White "Sohr, Jim"]
[Black "Döge, Wolf-Peter"]
[Result "0-1"]
[Termination "normal"]
[Board "4.2"]
[WhiteElo "1730"]
[BlackElo "1530"]
[WhiteTeam "SV Königsjäger Süd-West e.V."]
[BlackTeam "USV TU Dresden"]
[PlyCount "114"]
[WhiteFideId "16245105"]
[BlackFideId "16281829"]
[EventCountry "GER"]
[EventRounds "7"]
[EventType "team-swiss"]
[EventDate "2019.12.26"]

1. d4 Nf6 2. c4 c5 3. d5 d6 4. Nc3 g6 5. Nf3 Bg7 6. Qc2 O-O 7. e4 e6 8. Be2
exd5 9. cxd5 Re8 10. O-O a6 11. a4 Nbd7 12. Bf4 Qe7 13. Nd2 Ne5 14. Bg3 Bg4 15.
f3 Bd7 16. Bh4 Bc8 17. Rae1 h6 18. f4 Ned7 19. Bd3 Qf8 20. Nc4 Nh7 21. Bg3 Qe7
22. e5 dxe5 23. fxe5 Qg5 24. Ne4 Qd8 25. Ncd6 Rf8 26. e6 fxe6 27. dxe6 Bd4+ 28.
Kh1 Ne5 29. Bxe5 Bxe5 30. Nf7 Qc7 31. Nxh6+ Kg7 32. Ng4 Bxe6 33. Nxc5 Bxg4 34.
Bxg6 Rxf1+ 35. Rxf1 Rf8 36. Bf5 Bxf5 37. Rxf5 Rxf5 38. Qxf5 Qxc5 39. Qg4+ Kh8
40. Qd1 Bxb2 41. Qd8+ Qf8 42. Qd3 Qe7 43. h3 Qe1+ 44. Kh2 Be5+ 45. g3 Qf2+ 46.
Kh1 Bxg3 47. Qc3+ Kg8 48. Qc8+ Qf8 49. Qg4+ Qg7 50. Qe6+ Kh8 51. Qe8+ Qf8 52.
Qe2 Bh4 53. a5 Bf6 54. h4 Qe7 55. Qd2 Qe4+ 56. Kh2 Qxh4+ 57. Kg2 Qg5+ 0-1

[Event "DVM U14 2019"]
[Site "Magdeburg GER"]
[Date "2019.12.27"]
[Round "2"]
[White "Andreas, Bruno"]
[Black "Boissel, Kasimir"]
[Result "0-1"]
[Termination "normal"]
[Board "4.3"]
[WhiteElo "1447"]
[BlackElo "1638"]
[WhiteTeam "USV TU Dresden"]
[BlackTeam "SV Königsjäger Süd-West e.V."]
[PlyCount "88"]
[WhiteFideId "16274210"]
[BlackFideId "16298209"]
[EventCountry "GER"]
[EventRounds "7"]
[EventType "team-swiss"]
[EventDate "2019.12.26"]

1. e4 e5 2. Nf3 Nf6 3. Nxe5 d6 4. Nf3 Nxe4 5. d4 Be7 6. Bd3 d5 7. O-O O-O 8.
Re1 Bf5 9. Bf4 Bd6 10. Bxd6 Nxd6 11. Nc3 c6 12. Bxf5 Nxf5 13. Qd3 Nd6 14. Nd2
Nd7 15. Re3 Re8 16. Rae1 Rxe3 17. Rxe3 Qf8 18. b3 Re8 19. Nf3 Re7 20. Qe2 Rxe3
21. Qxe3 Qe8 22. Qxe8+ Nxe8 23. Ne2 Nd6 24. Nc3 Nf6 25. Ne5 Nfe4 26. Nxe4 Nxe4
27. Kf1 Nc3 28. a4 Ne4 29. Ke2 Kf8 30. Nd7+ Ke7 31. Nc5 Nxc5 32. dxc5 Ke6 33.
Kd3 Ke5 34. b4 f5 35. c4 g5 36. h3 h5 37. g3 dxc4+ 38. Kxc4 Ke4 39. b5 Kf3 40.
Kd4 Kxf2 41. Ke5 Kxg3 42. Kxf5 Kxh3 43. Kxg5 h4 44. Kf4 Kg2 0-1

[Event "DVM U14 2019"]
[Site "Magdeburg GER"]
[Date "2019.12.27"]
[Round "2"]
[White "Korek, Jakob Alexander"]
[Black "Posselt, Daniel"]
[Result "1-0"]
[Termination "normal"]
[Board "4.4"]
[WhiteElo "1656"]
[BlackElo "1289"]
[WhiteTeam "SV Königsjäger Süd-West e.V."]
[BlackTeam "USV TU Dresden"]
[PlyCount "85"]
[WhiteFideId "16240022"]
[BlackFideId "16298241"]
[EventCountry "GER"]
[EventRounds "7"]
[EventType "team-swiss"]
[EventDate "2019.12.26"]

1. d4 d5 2. c4 e6 3. Nc3 Nf6 4. Nf3 Nc6 5. e3 Bd7 6. a3 g6 7. Be2 Bg7 8. b4 O-O
9. O-O b6 10. Qb3 Ne7 11. Ne5 Rc8 12. Bf3 Be8 13. Nd3 c6 14. c5 Qc7 15. a4 a6
16. cxb6 Qxb6 17. Nc5 Nd7 18. Nxd7 Bxd7 19. Ba3 Rfe8 20. a5 Qa7 21. Na4 Rb8 22.
Nc5 Nf5 23. Be2 Bc8 24. Qa4 Bb7 25. Rac1 Bf8 26. Nd7 Rbc8 27. Nf6+ Kg7 28.
Nxe8+ Rxe8 29. Qb3 Nd6 30. Qc3 Rc8 31. f3 Kg8 32. Bb2 Bg7 33. Bd3 Ba8 34. Qc5
Qxc5 35. Rxc5 Bb7 36. Rfc1 Kf8 37. Bxa6 Bxa6 38. Rxc6 Rxc6 39. Rxc6 Nc4 40.
Rxa6 Nxb2 41. b5 Nc4 42. b6 Nd6 43. Ra8+ 1-0

[Event "DVM U14 2019"]
[Site "Magdeburg GER"]
[Date "2019.12.27"]
[Round "2"]
[White "Gallasch, Jonas"]
[Black "Nied, Pascal"]
[Result "1-0"]
[Termination "normal"]
[Board "5.1"]
[WhiteElo "2107"]
[BlackElo "1717"]
[WhiteTeam "Schachgemeinschaft Porz e. V."]
[BlackTeam "SC Untergrombach 46"]
[PlyCount "115"]
[WhiteFideId "16222474"]
[BlackFideId "16260597"]
[EventCountry "GER"]
[EventRounds "7"]
[EventType "team-swiss"]
[EventDate "2019.12.26"]

1. d4 d5 2. c4 e6 3. Nc3 Nf6 4. cxd5 exd5 5. Bg5 Be7 6. e3 c6 7. Bd3 Nbd7 8.
Qc2 g6 9. Nf3 Nh5 10. Bxe7 Qxe7 11. O-O-O Nb6 12. h3 Be6 13. g4 Ng7 14. Kb1
O-O-O 15. Nd2 Kb8 16. Nb3 Rhf8 17. f3 f5 18. Qe2 Ne8 19. Nc5 Bc8 20. Rhe1 Nd6
21. b3 Rde8 22. Bc2 Rf6 23. a4 Nd7 24. g5 Rff8 25. Nxd7+ Bxd7 26. h4 Rf7 27.
Na2 Qd8 28. Nc1 Rfe7 29. Qd2 Qb6 30. Ka2 Qc7 31. Nd3 b6 32. Ne5 Nf7 33. f4 Nxe5
34. fxe5 Be6 35. Rc1 Qd7 36. Bd3 Rc8 37. Ba6 Rc7 38. Qb4 Re8 39. Rc2 Qe7 40.
Qd2 Bc8 41. Be2 Bb7 42. Rec1 Rec8 43. Qc3 Qf8 44. Qb2 Qe7 45. Qa3 Qe6 46. b4
Qe7 47. a5 b5 48. a6 Ba8 49. Rc5 Qd7 50. Qc3 Qd8 51. Bxb5 cxb5 52. Rxb5+ Bb7
53. Rxb7+ Rxb7 54. Qxc8+ Qxc8 55. Rxc8+ Kxc8 56. axb7+ Kxb7 57. Kb3 Kc6 58. Ka4
1-0

[Event "DVM U14 2019"]
[Site "Magdeburg GER"]
[Date "2019.12.27"]
[Round "2"]
[White "Toth, Marc"]
[Black "Sabirov, Rafael"]
[Result "1-0"]
[Termination "normal"]
[Board "5.2"]
[WhiteElo "1564"]
[BlackElo "1668"]
[WhiteTeam "SC Untergrombach 46"]
[BlackTeam "Schachgemeinschaft Porz e. V."]
[PlyCount "105"]
[WhiteFideId "16260210"]
[BlackFideId "16241185"]
[EventCountry "GER"]
[EventRounds "7"]
[EventType "team-swiss"]
[EventDate "2019.12.26"]

1. e4 c5 2. Nf3 e6 3. d4 cxd4 4. Nxd4 a6 5. Nc3 Qc7 6. Bd3 Nf6 7. Bg5 Be7 8.
O-O Nc6 9. Nxc6 bxc6 10. Qf3 d5 11. Rad1 h6 12. Bf4 e5 13. Bc1 Bg4 14. Qg3 Bxd1
15. Rxd1 g6 16. Qf3 d4 17. Ne2 c5 18. Bc4 Qd7 19. Qb3 Bf8 20. Qb6 Nxe4 21. Bxa6
Nd6 22. Ng3 f6 23. Ne4 Kf7 24. Bc4+ Ke7 25. Nxd6 Bg7 26. Ne4 Rac8 27. Nxc5 Qd6
28. Qxd6+ Kxd6 29. Ne4+ Ke7 30. Bb3 f5 31. Nd2 e4 32. Nc4 Rhd8 33. Bf4 Rc5 34.
Kf1 g5 35. Bd2 Rb5 36. Na5 Kd6 37. Ba4 Rxb2 38. Nc4+ Kc5 39. Nxb2 d3 40. c3 f4
41. Bb3 Kc6 42. Re1 e3 43. fxe3 Rf8 44. exf4 gxf4 45. Re6+ Kb5 46. Kf2 Rc8 47.
Ba4+ Kc5 48. Nxd3+ Kc4 49. Nb2+ Kd5 50. Bb3+ Kc5 51. Nd3+ Kb5 52. a4+ Ka5 53.
c4+ 1-0

[Event "DVM U14 2019"]
[Site "Magdeburg GER"]
[Date "2019.12.27"]
[Round "2"]
[White "Kogan, Gabriel"]
[Black "Richter, Simon"]
[Result "1/2-1/2"]
[Termination "normal"]
[Board "5.3"]
[WhiteElo "1527"]
[BlackElo "1476"]
[WhiteTeam "Schachgemeinschaft Porz e. V."]
[BlackTeam "SC Untergrombach 46"]
[PlyCount "88"]
[WhiteFideId "16238265"]
[BlackFideId "16258347"]
[EventCountry "GER"]
[EventRounds "7"]
[EventType "team-swiss"]
[EventDate "2019.12.26"]

1. e4 e5 2. Nf3 Nc6 3. Bc4 Bc5 4. c3 Nf6 5. d3 d6 6. a4 a6 7. O-O Ba7 8. Nbd2
O-O 9. Re1 Ne7 10. Nf1 h6 11. Ng3 Be6 12. Bxe6 fxe6 13. Qb3 Qc8 14. d4 Ng6 15.
h3 Kh8 16. Be3 exd4 17. cxd4 Qd7 18. Rad1 Qc8 19. Qc2 Ne7 20. Rc1 c6 21. Qd2
Kg8 22. Bf4 Qd7 23. Be3 Ng6 24. Rc2 Ne8 25. d5 exd5 26. exd5 Rxf3 27. dxc6 bxc6
28. Bxa7 Rxg3 29. fxg3 Qxa7+ 30. Kh2 Ne5 31. Rf1 Qd7 32. Qf4 Nf6 33. Rd2 Nd5
34. Qf2 Qf7 35. Qe2 Qe7 36. Qe4 Re8 37. Rdf2 Qb7 38. Qe2 a5 39. Qh5 Qe7 40. Qe2
Qb7 41. Qh5 Qe7 42. Qe2 Qb7 43. Qh5 Qe7 44. Qe2 Qb7 1/2-1/2

[Event "DVM U14 2019"]
[Site "Magdeburg GER"]
[Date "2019.12.27"]
[Round "2"]
[White "Kling, Simon"]
[Black "Laudwein, Jakob"]
[Result "0-1"]
[Termination "normal"]
[Board "5.4"]
[WhiteElo "1136"]
[BlackElo "1612"]
[WhiteTeam "SC Untergrombach 46"]
[BlackTeam "Schachgemeinschaft Porz e. V."]
[PlyCount "86"]
[WhiteFideId "16282655"]
[BlackFideId "16258487"]
[EventCountry "GER"]
[EventRounds "7"]
[EventType "team-swiss"]
[EventDate "2019.12.26"]

1. e4 c5 2. Nf3 e6 3. d4 cxd4 4. Nxd4 Nc6 5. Nc3 Qc7 6. Be2 Nf6 7. O-O a6 8.
Be3 Bb4 9. Qe1 Nxe4 10. a3 Bxc3 11. bxc3 d5 12. f3 Nf6 13. Bd3 h6 14. Qf2 O-O
15. Rfe1 Re8 16. Qh4 Qd8 17. Bxh6 gxh6 18. Qxh6 e5 19. Nf5 Bxf5 20. Bxf5 e4 21.
Re3 Ne7 22. Qxf6 Nxf5 23. Qxf5 Qb6 24. Rae1 exf3 25. Qxf3 Re6 26. Kf1 Rf6 27.
Qxf6 Qxf6+ 28. Rf3 Qd6 29. Rg3+ Kf8 30. Rh3 Qf4+ 31. Kg1 Rb8 32. Rf1 Qd6 33.
Rff3 Qb6+ 34. Kf1 Re8 35. Rh8+ Ke7 36. Rhh3 Qb1+ 37. Kf2 Qxc2+ 38. Kg1 Qc1+ 39.
Kf2 Kd8 40. Kg3 Qe1+ 41. Kg4 Rg8+ 42. Kf5 Qe6+ 43. Kf4 Qe4# 0-1

[Event "DVM U14 2019"]
[Site "Magdeburg GER"]
[Date "2019.12.27"]
[Round "2"]
[White "Toval, David"]
[Black "Schröter, Christopher"]
[Result "1-0"]
[Termination "normal"]
[Board "6.1"]
[WhiteElo "1853"]
[BlackElo "1618"]
[WhiteTeam "Schachklub Münster 32 e. V."]
[BlackTeam "1. Schachclub Anhalt"]
[PlyCount "77"]
[WhiteFideId "12992755"]
[BlackFideId "16274970"]
[EventCountry "GER"]
[EventRounds "7"]
[EventType "team-swiss"]
[EventDate "2019.12.26"]

1. e4 c5 2. Nf3 Nc6 3. d4 cxd4 4. Nxd4 Nf6 5. Nc3 g6 6. Be3 Bg7 7. f3 d6 8. Bc4
Bd7 9. Qd2 a6 10. g4 Rc8 11. Bb3 Ne5 12. O-O-O Nc4 13. Qe2 Nxe3 14. Qxe3 O-O
15. Rdg1 Qb6 16. Nf5 Qxe3+ 17. Nxe3 Bc6 18. h4 Rfd8 19. h5 e6 20. hxg6 hxg6 21.
Rd1 b5 22. Kb1 Rd7 23. Ne2 Rcd8 24. Nd4 Bb7 25. Rhe1 d5 26. e5 Ne8 27. f4 g5
28. f5 exf5 29. Nexf5 Nc7 30. a4 Bf8 31. Rh1 Bg7 32. Nxg7 Kxg7 33. Rh5 Ne6 34.
Nf5+ Kg8 35. Rdh1 f6 36. Rh8+ Kf7 37. R1h7+ Kg6 38. Rh6+ Kf7 39. Rxf6# 1-0

[Event "DVM U14 2019"]
[Site "Magdeburg GER"]
[Date "2019.12.27"]
[Round "2"]
[White "Weidemann, Jakob"]
[Black "Böhm, Florian"]
[Result "1-0"]
[Termination "normal"]
[Board "6.3"]
[WhiteElo "1565"]
[BlackElo "1445"]
[WhiteTeam "Schachklub Münster 32 e. V."]
[BlackTeam "1. Schachclub Anhalt"]
[PlyCount "141"]
[WhiteFideId "16255470"]
[BlackFideId "16274989"]
[EventCountry "GER"]
[EventRounds "7"]
[EventType "team-swiss"]
[EventDate "2019.12.26"]

1. e4 d5 2. exd5 Qxd5 3. Nc3 Qa5 4. Nf3 Nf6 5. Be2 c6 6. O-O e6 7. b3 Bd6 8.
Bb2 Nbd7 9. d3 O-O 10. Ne4 Nxe4 11. dxe4 Qc7 12. Qd4 e5 13. Qe3 Nf6 14. h3 Nh5
15. Rfd1 Be6 16. Ng5 Nf4 17. Nxe6 Nxe6 18. Rd2 Be7 19. Qg3 Nf4 20. Bg4 Rad8 21.
Rad1 Bf6 22. Ba3 Rxd2 23. Rxd2 Rd8 24. Qe3 Rxd2 25. Qxd2 Be7 26. Bxe7 Qxe7 27.
g3 Ng6 28. Qd7 Qxd7 29. Bxd7 Kf8 30. c4 h5 31. h4 Ke7 32. Bf5 Nf8 33. Kf1 Ne6
34. Bxe6 Kxe6 35. c5 b6 36. b4 f5 37. exf5+ Kxf5 38. f3 e4 39. g4+ hxg4 40.
fxg4+ Kxg4 41. b5 Kf5 42. bxc6 Ke6 43. cxb6 axb6 44. Ke2 Kd6 45. Ke3 Kxc6 46.
Kxe4 Kc5 47. Kf5 Kb4 48. Kg6 Ka3 49. Kxg7 Kxa2 50. h5 b5 51. h6 b4 52. h7 b3
53. h8=Q b2 54. Qa8+ Kb3 55. Qb7+ Ka2 56. Qa6+ Kb3 57. Qb5+ Kc2 58. Qc4+ Kd2
59. Qb3 Kc1 60. Qc3+ Kb1 61. Kf6 Ka2 62. Qc2 Ka1 63. Qa4+ Kb1 64. Ke5 Kc1 65.
Qc4+ Kd2 66. Qb3 Kc1 67. Qc3+ Kb1 68. Kd4 Ka2 69. Qc2 Ka1 70. Qa4+ Kb1 71. Kc3
1-0

[Event "DVM U14 2019"]
[Site "Magdeburg GER"]
[Date "2019.12.27"]
[Round "2"]
[White "Zwecker, Hagen"]
[Black "Bildat, Emilia"]
[Result "1/2-1/2"]
[Termination "normal"]
[Board "7.1"]
[WhiteElo "1480"]
[BlackElo "1754"]
[WhiteTeam "SV 1947 Walldorf"]
[BlackTeam "SC Turm Lüneburg e.V."]
[PlyCount "42"]
[WhiteFideId "12991007"]
[BlackFideId "16218140"]
[EventCountry "GER"]
[EventRounds "7"]
[EventType "team-swiss"]
[EventDate "2019.12.26"]

1. e4 c5 2. Nf3 g6 3. Nc3 Bg7 4. Bc4 Nc6 5. O-O e5 6. d3 Nge7 7. Bb5 a6 8. Bxc6
bxc6 9. b3 O-O 10. Bb2 d6 11. Nd2 Be6 12. Na4 f5 13. f4 exf4 14. Bxg7 Kxg7 15.
Rxf4 Rb8 16. Qe2 Qc7 17. exf5 Bxf5 18. Re1 Nd5 19. Rff1 Nb4 20. Nc4 Nd5 21. Nd2
Nb4 1/2-1/2

[Event "DVM U14 2019"]
[Site "Magdeburg GER"]
[Date "2019.12.27"]
[Round "2"]
[White "Wusterack, Paul"]
[Black "Kokowski, Kevin"]
[Result "1-0"]
[Termination "normal"]
[Board "7.2"]
[WhiteElo "1539"]
[BlackElo "1627"]
[WhiteTeam "SC Turm Lüneburg e.V."]
[BlackTeam "SV 1947 Walldorf"]
[PlyCount "81"]
[WhiteFideId "16255356"]
[BlackFideId "16256417"]
[EventCountry "GER"]
[EventRounds "7"]
[EventType "team-swiss"]
[EventDate "2019.12.26"]

1. d4 d5 2. Bf4 Nf6 3. e3 Bf5 4. Nd2 Nbd7 5. Ngf3 e6 6. c4 c6 7. Qb3 Qb6 8. c5
Qxb3 9. axb3 Be7 10. Be2 O-O 11. O-O Rfc8 12. Ra2 Nh5 13. Bg3 Nxg3 14. hxg3 Bf6
15. Nh4 Bg6 16. Nxg6 hxg6 17. f4 g5 18. Nf3 gxf4 19. gxf4 b6 20. b4 Bd8 21.
Rfa1 Rc7 22. Ra6 Nb8 23. cxb6 Nxa6 24. bxc7 Nxc7 25. Ne5 Ne8 26. Nxc6 Bb6 27.
Ba6 Kf8 28. Bb7 Nc7 29. Bxa8 Nxa8 30. Nxa7 Bxa7 31. Rxa7 Nb6 32. b3 Ke8 33. Kf2
Nc8 34. Ra6 Kd7 35. b5 Nd6 36. Ra7+ Kc8 37. Ke2 g6 38. Kd3 Kd8 39. b6 Kc8 40.
Rc7+ Kb8 41. Rd7 1-0

[Event "DVM U14 2019"]
[Site "Magdeburg GER"]
[Date "2019.12.27"]
[Round "2"]
[White "Meng, Yuxuan"]
[Black "Rennkamp, Johannes"]
[Result "0-1"]
[Termination "normal"]
[Board "7.3"]
[WhiteElo "1467"]
[BlackElo "1493"]
[WhiteTeam "SV 1947 Walldorf"]
[BlackTeam "SC Turm Lüneburg e.V."]
[PlyCount "86"]
[WhiteFideId "16258231"]
[BlackFideId "16268784"]
[EventCountry "GER"]
[EventRounds "7"]
[EventType "team-swiss"]
[EventDate "2019.12.26"]

1. e4 c5 2. Nf3 Nc6 3. d4 cxd4 4. Nxd4 g6 5. Nc3 Bg7 6. Be3 d6 7. f3 Nf6 8. Qd2
O-O 9. O-O-O Bd7 10. Kb1 a6 11. Bh6 Nxd4 12. Bxg7 Kxg7 13. Qxd4 Bc6 14. g4 Kg8
15. h4 Qa5 16. h5 Qg5 17. hxg6 fxg6 18. Be2 Rad8 19. e5 Qxe5 20. Qc4+ d5 21.
Qb4 d4 22. Rde1 Qd6 23. Qxd6 exd6 24. Nd1 Rfe8 25. Rh2 Bxf3 26. Rf2 Bxe2 27.
Rfxe2 Rxe2 28. Rxe2 Re8 29. Rxe8+ Nxe8 30. Nf2 d5 31. Kc1 Nf6 32. Kd1 Kf7 33.
Ke2 Ke6 34. Kd3 Ke5 35. a3 Ne4 36. Nh3 h6 37. Ke2 b5 38. Kf3 Nd2+ 39. Ke2 Nc4
40. b3 Nxa3 41. Kd3 a5 42. Kd2 Nb1+ 43. Kd3 a4 0-1

[Event "DVM U14 2019"]
[Site "Magdeburg GER"]
[Date "2019.12.27"]
[Round "2"]
[White "Rennkamp, David"]
[Black "Färber, Sophie"]
[Result "0-1"]
[Termination "normal"]
[Board "7.4"]
[WhiteElo "1395"]
[BlackElo "1378"]
[WhiteTeam "SC Turm Lüneburg e.V."]
[BlackTeam "SV 1947 Walldorf"]
[PlyCount "118"]
[WhiteFideId "16249526"]
[BlackFideId "16239121"]
[EventCountry "GER"]
[EventRounds "7"]
[EventType "team-swiss"]
[EventDate "2019.12.26"]

1. e4 e5 2. Nf3 Nc6 3. Bc4 Bc5 4. d3 Nf6 5. c3 a6 6. b4 Ba7 7. O-O d6 8. Be3
O-O 9. Nbd2 Bg4 10. h3 Bh5 11. Re1 Re8 12. Bxa7 Rxa7 13. Nf1 d5 14. Bb3 dxe4
15. dxe4 Qxd1 16. Raxd1 Bxf3 17. gxf3 Ne7 18. Rd2 Raa8 19. Red1 Ng6 20. Ne3 Nh4
21. Rd3 Nxf3+ 22. Kg2 Nh4+ 23. Kg3 Ng6 24. f3 Nf4 25. R3d2 N4h5+ 26. Kg2 Nf4+
27. Kg3 Rac8 28. Nd5 N4xd5 29. Bxd5 Nxd5 30. Rxd5 Kf8 31. f4 exf4+ 32. Kxf4 f6
33. Rd7 Re7 34. R7d5 Rce8 35. Re1 Re5 36. Rd7 R5e7 37. Rd5 Kf7 38. Rd4 g6 39.
h4 Re5 40. Rd7+ R5e7 41. Rd4 f5 42. a3 h6 43. Re3 Rxe4+ 44. Rexe4 Rxe4+ 45.
Rxe4 fxe4 46. Kxe4 g5 47. hxg5 hxg5 48. Kf5 Ke7 49. Kxg5 Kd6 50. Kf4 Kd5 51.
Ke3 Kc4 52. Kd2 Kb3 53. Kd3 b5 54. Kd4 Kxa3 55. Kc5 Kb3 56. Kd4 Kc2 57. c4 Kb3
58. cxb5 axb5 59. Kc5 Ka4 0-1

[Event "DVM U14 2019"]
[Site "Magdeburg GER"]
[Date "2019.12.27"]
[Round "2"]
[White "Kalina, Lena"]
[Black "Kraftsik, Christian"]
[Result "1/2-1/2"]
[Termination "normal"]
[Board "8.1"]
[WhiteElo "1571"]
[BlackElo "1850"]
[WhiteTeam "SC Landskrone"]
[BlackTeam "Schach-Club Vaterstetten-Grasbrunn"]
[PlyCount "59"]
[WhiteFideId "12988014"]
[BlackFideId "16242548"]
[EventCountry "GER"]
[EventRounds "7"]
[EventType "team-swiss"]
[EventDate "2019.12.26"]

1. d4 Nf6 2. c4 g6 3. Nf3 Bg7 4. g3 d6 5. Bg2 O-O 6. Nc3 Nbd7 7. O-O Re8 8. b3
e5 9. Bb2 e4 10. Ng5 e3 11. f3 Nh5 12. f4 h6 13. Nf3 Ndf6 14. Ne1 Ng4 15. Nc2
g5 16. fxg5 Qxg5 17. Ne4 Qg6 18. Qd3 c6 19. Nc3 Qxd3 20. exd3 Nf2 21. Bf3 Bg4
22. Bxg4 Nxg4 23. Ne2 Nf2 24. Ne1 Nf6 25. Bc1 N6g4 26. Kg2 h5 27. h3 Nh6 28.
Bb2 c5 29. Rb1 Rad8 30. d5 1/2-1/2

[Event "DVM U14 2019"]
[Site "Magdeburg GER"]
[Date "2019.12.27"]
[Round "2"]
[White "Lerchl, Clemens"]
[Black "Müller, Maurice-Pascal"]
[Result "1/2-1/2"]
[Termination "normal"]
[Board "8.2"]
[WhiteElo "1743"]
[BlackElo "1673"]
[WhiteTeam "Schach-Club Vaterstetten-Grasbrunn"]
[BlackTeam "SC Landskrone"]
[PlyCount "77"]
[WhiteFideId "16226372"]
[BlackFideId "16243340"]
[EventCountry "GER"]
[EventRounds "7"]
[EventType "team-swiss"]
[EventDate "2019.12.26"]

1. e4 c5 2. Nf3 Nc6 3. d4 cxd4 4. Nxd4 g6 5. c4 Bg7 6. Be3 Nf6 7. Nc3 O-O 8.
Be2 d6 9. O-O Bd7 10. Qd2 Ng4 11. Bxg4 Bxg4 12. f3 Bd7 13. Rfd1 Ne5 14. b3 a5
15. Rac1 a4 16. Nxa4 Bxa4 17. bxa4 Rxa4 18. Qe2 Qa8 19. Rd2 Rc8 20. Rdc2 Nc6
21. Nxc6 bxc6 22. c5 Ra3 23. cxd6 exd6 24. Bf4 Bf8 25. e5 dxe5 26. Bxe5 Qa7+
27. Qf2 Qxf2+ 28. Kxf2 c5 29. Kg3 Rca8 30. Ra1 Bg7 31. Bxg7 Kxg7 32. Kf4 R8a4+
33. Ke5 Rd3 34. Rb1 f6+ 35. Ke6 Ra6+ 36. Ke7 Ra7+ 37. Ke6 Ra6+ 38. Ke7 Ra7+ 39.
Ke6 1/2-1/2

[Event "DVM U14 2019"]
[Site "Magdeburg GER"]
[Date "2019.12.27"]
[Round "2"]
[White "Behr, Julian"]
[Black "Popovici, Liviu-Daniel"]
[Result "1-0"]
[Termination "normal"]
[Board "8.3"]
[WhiteElo "1645"]
[BlackElo "1526"]
[WhiteTeam "SC Landskrone"]
[BlackTeam "Schach-Club Vaterstetten-Grasbrunn"]
[PlyCount "117"]
[WhiteFideId "16255410"]
[BlackFideId "1253689"]
[EventCountry "GER"]
[EventRounds "7"]
[EventType "team-swiss"]
[EventDate "2019.12.26"]

1. e4 c5 2. Nf3 d6 3. d4 cxd4 4. Nxd4 Nf6 5. Nc3 a6 6. Be2 e5 7. Nb3 Be6 8. O-O
Be7 9. Be3 Nbd7 10. Qd2 Qc7 11. a4 O-O 12. Rfd1 Rac8 13. a5 h6 14. h3 Qc6 15.
Bf3 Nc5 16. Nxc5 dxc5 17. Nd5 Bxd5 18. exd5 Qd6 19. c4 Rfd8 20. Ra3 Qc7 21. Rb3
Bd6 22. Qc3 Re8 23. Rb6 Nd7 24. Rb3 Nf6 25. Rb6 Nd7 26. Rb3 f5 27. Re1 Nf6 28.
Bd2 e4 29. Bd1 Be5 30. Qc2 Re7 31. Kh1 Rce8 32. Qc1 Bd6 33. g3 Kh7 34. Kg2 Nd7
35. Bf4 Ne5 36. Bxe5 Bxe5 37. Qd2 Bd4 38. Rb6 Rd8 39. Bc2 Rd6 40. Rxd6 Qxd6 41.
Bb1 Rf7 42. b3 Rf6 43. h4 Rg6 44. Qe2 Bc3 45. Rg1 Bxa5 46. Kh3 Bc7 47. Qe1 Kh8
48. f3 Qd7 49. fxe4 f4+ 50. g4 h5 51. Qe2 Rf6 52. e5 f3 53. Qe4 Rh6 54. Qxf3
Qc8 55. e6 hxg4+ 56. Qxg4 Qf8 57. Kg2 Qf6 58. Rf1 Qe7 59. Rf7 1-0